000 00302 a2200121 4500
000 nam a22 7a 4500
005 20260512115653.0
020 _a9789394071636
100 _aमोहन सिंह
_91239091
245 _aखोज खबर
260 _bVikalp prakashan
_c2023
942 _cTEXL
999 _c1851230
_d1851230